00396nam a2200121Ia 4500008004100000020001500041050002100056100002200077245007900099260003200178300003500210650002900245120626s2001 mx a 000 0 spa d a9685848041 aNC760 bG66 2001 aGordon, L.eautor aDibujando anatomía y figura humana b/ L. Gordon: Traducción de Diorki aMéxico b: Lagusac, 2001 a144 páginasb: ilustraciones 0aFIGURA HUMANA EN EL ARTE